| 000 | 00946nam a2200253Ia 4500 | ||
|---|---|---|---|
| 003 | OSt | ||
| 005 | 20200819175309.0 | ||
| 008 | 191128s1986 ck gr 000 0 spa d | ||
| 020 | _a9586010738 | ||
| 040 |
_aCo-JMCR _cCo-JMCR |
||
| 041 | 0 | _aspa | |
| 082 | 0 | 4 |
_a368.4 / _bC737c _223 |
| 100 | 1 |
_aCristancho Parra, J. Leopoldo, _eautor _98956 |
|
| 245 | 1 | 0 |
_aColombia y los Modelos de Seguridad Social en el Mundo : _bdesarrollo histórico / _c J. Leopoldo Chistancho Parra |
| 250 | _aPrimera edición | ||
| 260 | _aBogotá | ||
| 260 | _bTercer Mundo | ||
| 260 | _c1986 | ||
| 300 |
_a399 páginas ; _c22 cm. |
||
| 505 | 0 | _aDefinición y antecedentes -- Fuentes de las obligaciones de la seguridad social -- Estructura de la seguridad social en Colombia -- Contingencias amparadas y prestaciones de la seguridad social en Colombia | |
| 650 | 2 | 4 |
_aFuncionarios públicos _94661 |
| 650 | 2 | 4 |
_aPrestaciones económicas _98920 |
| 942 |
_2ddc _cBK |
||
| 999 |
_c6013 _d6013 |
||